Fairytale baking : recipes & stories

Bibliographic Details
Main Author: Geweke, Christine (Author)
Format: Book
Published: Sydney : Murdoch Books 2019
Subjects:

MARC

LEADER 00000cam a2200000 7i4500
001 0000281632
005 20210709142628.0
007 t
008 210709s2019 xnaa g 0000eng #
020 |a 9781911632269 
040 |a MBPJ   |b eng   |c MBPJ   |e rda 
090 0 0 |a 641.8653   |b GEW 
100 1 |a Geweke, Christine ,   |e author 
245 1 0 |a Fairytale baking :   |b recipes & stories   |c Christine Geweke 
264 1 |a Sydney :   |b Murdoch Books   |c 2019 
300 |a 207 pages :   |b colour illustrations ;   |c 27 cm. 
336 |a still image  |2 rdacontent 
336 |a text  |2 rdacontent 
337 |a unmediated  |2 rdamedia 
338 |a volume  |2 rdacarrier 
650 0 |a Cake 
650 0 |a Desserts 
650 0 |a Fairy tales   |z Germany 
999 |a 00385523   |b BUKU   |c PINJAMAN   |e PERPUSTAKAAN KOMUNITI PETALING JAYA